00997 2200241 4500001002100000005001500021035002000036245008300056100002100139300003200160700002400192260004400216082001100260084001700271020001900288650001100307520028900318520005000607008004100657990001900698990001900717990001900736INLIS00000000001461520250227091423 a0010-02250000441 aRenang tingkat mahir :bLangkah-langkah menuju keberhasilan /cDavid G. Thomas0 aThomas, David G. ax, 178 hlm.; 27 cm. :bilus0 aAlfons Palangkaraya aJakarta :bRaja Grafindo Persada,c2000 a797.21 a797.21 THO r a979-421-566-XX aRenang aBuku ini berisi proses bertahap guna mempelajari gaya-gaya baru yang juga diperlombakan (gaya punggung dan kupu-kupu), mempelajari kembali gaya bebas dan gaya dada dan menyempurnakannya untuk tingkat perlombaan, dan juga mempelajari cara-cara untuk berputar haluan dalam pertandingan. aJudul asli: Swimming Advance: Step to success250227 e 0 ind  a024.3408/PC/24 a024.3409/PC/24 a024.3410/PC/24